000 02358cam a22003734a 4500
999 _c24284
_d24284
001 14148667
003 OSt
005 20170128103546.0
008 051021s2008 ctuae b 001 0deng
010 _a 2005030940
020 _a0300111231 (cl : alk. paper)
020 _a9780300111231 (cl : alk. paper)
035 _a(OCoLC)ocm62134784
035 _a(OCoLC)62134784
040 _aDLC
_cDLC
_dBAKER
_dBTCTA
_dBWKUK
_dBWK
_dDLC
042 _apcc
043 _ae-it---
050 0 0 _aNA1123.P53
_bM47 2008
082 0 0 _a720.92
_222
100 1 _aMerz, Jörg Martin.
245 1 0 _aPietro da Cortona and Roman Baroque architecture /
_cJörg Martin Merz ; incorporating a draft by the late Anthony Blunt.
260 _aNew Haven [Conn.] ;
_aLondon :
_bYale University Press,
_cc2008.
300 _axii, 362 p. :
_bill. (some col.), plans ;
_c29 cm.
504 _aIncludes bibliographical references (p. 288-345) and index.
600 0 0 _aPietro,
_cda Cortona,
_d1596-1669
_xCriticism and interpretation.
650 0 _aArchitecture, Baroque
_zItaly
_zRome.
650 0 _aDecoration and ornament, Architectural
_zItaly
_zRome.
700 1 _aBlunt, Anthony,
_d1907-1983
856 4 1 _3Table of contents only
_uhttp://www.loc.gov/catdir/toc/ecip062/2005030940.html
856 4 2 _3Publisher description
_uhttp://www.loc.gov/catdir/enhancements/fy0711/2005030940-d.html
856 4 2 _3Contributor biographical information
_uhttp://www.loc.gov/catdir/enhancements/fy0711/2005030940-b.html
906 _a7
_bcbc
_corignew
_d1
_eecip
_f20
_gy-gencatlg
942 _2lcc
_cBOOKS
_hNA 1123 .C647B58 2006